Poprask v ZOO /
Podivínský detektiv Lišák vyšetřuje podezřelý průběh závodu zvířat v zoo. Jednoduchý detektivní příběh pro děti mladšího školního věku.
Uloženo v:
| Hlavní autor: | |
|---|---|
| Další autoři: | |
| Médium: | E-kniha |
| Jazyk: | Czech |
| Vydáno: |
[Praha] :
Pierot,
2011
|
| Edice: | Lišák zasahuje
|
| Témata: | |
| Tagy: |
Žádné tagy |
| LEADER | 02120nam a2200409 a 4500 | ||
|---|---|---|---|
| 001 | 311055 | ||
| 003 | CZ PrSKC | ||
| 005 | 20260601215658.0 | ||
| 007 | ta | ||
| 008 | 111012s2011 xr a b 000 j cze | ||
| 015 | |a cnb002236332 | ||
| 020 | |a 9788073532352 |q (váz.) | ||
| 035 | |a (OCoLC)761170474 | ||
| 040 | |a BOA001 |b cze |d OLA001 | ||
| 072 | 7 | |a 821.162.4 |x Slovenská literatura |2 Konspekt | |
| 072 | 7 | |a 821-93 |x Literatura pro děti a mládež (beletrie) |2 Konspekt | |
| 080 | |a 821.162.4-32 |2 MRF | ||
| 080 | |a 821-93 |2 MRF | ||
| 080 | |a (0:82-32) |2 MRF | ||
| 100 | 1 | |a Milan, Peter S., |d 1961- |7 mzk2011666033 |4 aut | |
| 245 | 1 | 0 | |a Poprask v ZOO / |c Peter S. Milan ; [ilustrace Libor Drobný] |
| 260 | |a [Praha] : |b Pierot, |c 2011 | ||
| 300 | |a 41 s. : |b barev. il. ; |c 23 x 25 cm | ||
| 490 | 1 | |a Lišák zasahuje | |
| 520 | 2 | |a Podivínský detektiv Lišák vyšetřuje podezřelý průběh závodu zvířat v zoo. Jednoduchý detektivní příběh pro děti mladšího školního věku. | |
| 520 | 2 | |a V zoo se dnes koná závod zvířat. Ale jak to, že šampion Zajíc proti veškerému očekávání do cíle ani nedoběhne a dokonce usne před cílovou páskou? Lev, který si na něj vsadil, teď zuří. Jenom bystrý Lišák se nenechá vyvést z míry, tuší, že tady něco nehraje. Někdo Zajíce uspal. Lišák zahajuje mezi zvířaty vyšetřování. Humorně laděný příběh s veselými ilustracemi. | |
| 655 | 7 | |a slovenské příběhy |7 fd183398 |2 czenas | |
| 655 | 7 | |a publikace pro děti |7 fd133156 |2 czenas | |
| 655 | 9 | |a Slovak stories |2 eczenas | |
| 655 | 9 | |a children's literature |2 eczenas | |
| 700 | 1 | |a Drobný, Libor, |d 1984- |7 mzk2009496250 |4 ill | |
| 830 | 0 | |a Lišák zasahuje | |
| 900 | |a ABA001 |b 17 | ||
| 044 | |a xr | ||
| 910 | |a RBIT002 | ||
| 998 | |d 185166 |a https://core.palmknihy.cz/api/books/185166/cover?ps7q42 |b https://core.palmknihy.cz/api/books/185166/cover/400?ps7q42 |c https://core.palmknihy.cz/api/books/185166/cover/50?ps7q42 |e |g 44 |i 9788073532352 |k https://core.palmknihy.cz/api/books/185166/preview.pdf |l |q 49 |r 1 |s https://www.palmknihy.cz/kniha/185166 |t ebook |y 2019 |z 0 | ||
| 999 | |d 311053 | ||